| 000 | 00891cam a22002174a 4500 | ||
|---|---|---|---|
| 005 | 20250605164345.0 | ||
| 008 | 250528s ||||||||||||||||||||||||d | ||
| 035 | _a23832 | ||
| 020 | _a9603514292 | ||
| 040 |
_aGR-AtMCL _bgre _dGR-AtMCL _eAACR2 |
||
| 245 | 1 | _aΔιαχρονική εξέλιξη συμπεριφοράς καταναλωτή και ποιοτικές έρευνες marketing | |
| 250 | _a1 | ||
| 260 |
_bΕκδόσεις Α. Σταμούλης, _c2002 |
||
| 300 | _a230 | ||
| 520 | _aΕφαρμογή της ποιοτικής μεθόδου ανάλυσης ''αλυσίδων μέσων στοχου''στο κρασί που παράγεται απο βιολογικά σταφύλια | ||
| 700 | 1 |
_aΚρυστάλλης Αθανάσιος _98683 |
|
| 700 | 1 |
_aΦωτόπουλος Χρήστος _98684 |
|
| 942 | _cBK | ||
| 999 |
_c8759 _d8759 |
||